00974nam a22002175i 4500001000700000003000900007005001700016008004100033040003000074100004800104245008700152250001700239260005500256300006800311599006200379599008800441650004600529852003600575999001900611952012600630160811ES-MaACL20250831063041.0990521s1882 sp bf |||| | spa d aCCPB | B bspa cCCPB | B1 aNovo y Colson, Pedro de, d1846-193198609110aHistoria de la guerra de España en el Pacífico / cpor Pedro de Novo y Colson. aEd. de lujo. aMadrid : b[s.n.], c1882 (fImprenta de Fortanet) a533, [2] p., [11] h. de lám., [1] h. de map. pleg. ; c27 cm. aLas h. de lám. lit.: ¨B. Maura, g.bó 1882 [-1883]¨. aLa h. de map. pleg.: ¨E. Hernandez grabó¨ y ¨Lit. Espiritu Santo 18, Madrid¨. 4aGuerra del Pacífico, 1865-1866.9157880 aES-MaACLjG-2998 z-- Enc. hol. c160811d160811 001040708LIBXIXaATENEOMbATENEOMcDEPO2d2008-01-17eSSCl0oG-2998p1168400r2023-02-23 00:00:00w2023-02-23yMONANT